000 00438nam a2200193Ia 4500
005 20250425162650.0
008 250425s9999 xx 000 0 und d
020 _a8423968146
041 _aspa
043 _asp
082 _a403
245 0 _aDICCIONARIO DE LA LENGUA ESPAÑOLA
250 _aVIGESIMA SEGUNDA
260 _aEspaña
_bESPASA
_c2001
300 _a1180
650 _aDICCIONARIOS
942 _c01
010 _a95274
999 _c233950
_d233950